<?xml version="1.0" encoding="UTF-8"?>
<record
    xmlns:xsi="http://www.w3.org/2001/XMLSchema-instance"
    xsi:schemaLocation="http://www.loc.gov/MARC21/slim http://www.loc.gov/standards/marcxml/schema/MARC21slim.xsd"
    xmlns="http://www.loc.gov/MARC21/slim">

  <leader>01847nam a2200361 i 4500</leader>
  <controlfield tag="001">000047854</controlfield>
  <controlfield tag="003">DO-SdBNP</controlfield>
  <controlfield tag="005">20250204093942.0</controlfield>
  <controlfield tag="006">a||||gr|||| 00| 0 </controlfield>
  <controlfield tag="007">ta</controlfield>
  <controlfield tag="008">180830e2013    dr aoc gr     001 edspa d</controlfield>
  <datafield tag="020" ind1=" " ind2=" ">
    <subfield code="a">9789945009828</subfield>
  </datafield>
  <datafield tag="040" ind1=" " ind2=" ">
    <subfield code="a">DO-SdBNP</subfield>
    <subfield code="b">spa</subfield>
    <subfield code="c">BNPHU</subfield>
    <subfield code="e">rda</subfield>
  </datafield>
  <datafield tag="082" ind1=" " ind2="4">
    <subfield code="a">xxx</subfield>
    <subfield code="b">F363j</subfield>
    <subfield code="2">22</subfield>
  </datafield>
  <datafield tag="100" ind1="1" ind2=" ">
    <subfield code="a">Fern&#xE1;ndez Pichardo, Sim&#xF3;n Tomas,</subfield>
    <subfield code="e">1932-</subfield>
    <subfield code="d">autor</subfield>
    <subfield code="4">aut.</subfield>
    <subfield code="9">75416</subfield>
  </datafield>
  <datafield tag="245" ind1="1" ind2="3">
    <subfield code="a">El justo que se inmol&#xF3; : </subfield>
    <subfield code="b">Manolo Tav&#xE1;rez Justo /</subfield>
    <subfield code="c">Sim&#xF3;n Tom&#xE1;s Fern&#xE1;ndez Pichardo ; edici&#xF3;n y arte final, Carmen P&#xE9;rez Valerio ; fotograf&#xED;as, Enilda Milagros Fern&#xE1;ndez Pimentel</subfield>
  </datafield>
  <datafield tag="264" ind1=" " ind2="1">
    <subfield code="a">Santo Domingo :</subfield>
    <subfield code="b">Editor Wikiprint,</subfield>
    <subfield code="c">2013.</subfield>
  </datafield>
  <datafield tag="300" ind1=" " ind2=" ">
    <subfield code="a">139 p&#xE1;ginas :</subfield>
    <subfield code="b">Iustraciones., fotograf&#xED;as, retratos ;</subfield>
    <subfield code="c">25 cm.</subfield>
  </datafield>
  <datafield tag="336" ind1=" " ind2=" ">
    <subfield code="a">texto</subfield>
    <subfield code="b">txt</subfield>
    <subfield code="2">rdacontent</subfield>
  </datafield>
  <datafield tag="337" ind1=" " ind2=" ">
    <subfield code="a">sin mediaci&#xF3;n</subfield>
    <subfield code="b">n</subfield>
    <subfield code="2">rdamedia</subfield>
  </datafield>
  <datafield tag="338" ind1=" " ind2=" ">
    <subfield code="a">volumen</subfield>
    <subfield code="b">nc</subfield>
    <subfield code="2">rdacarrier</subfield>
  </datafield>
  <datafield tag="500" ind1=" " ind2=" ">
    <subfield code="a">Incluye datas biogr&#xE1;ficos del autor en las solapas de las cubiertas.</subfield>
  </datafield>
  <datafield tag="500" ind1=" " ind2=" ">
    <subfield code="a">En homejo a Manolo Tav&#xE1;rez Justo, Minerva Mirabal y amigos del Movimiento 14 de Junio</subfield>
  </datafield>
  <datafield tag="505" ind1="0" ind2=" ">
    <subfield code="a">Agradecimiento --</subfield>
    <subfield code="t">pr&#xF3;logo --</subfield>
    <subfield code="t">Recuento de la memoria --</subfield>
    <subfield code="t">Realaci&#xF3;n con Manolo Tav&#xE1;rez Justo y otros dirigentes del Movimiento 14 de Junio</subfield>
    <subfield code="t">Asesinato de las Hermanas Mirabal --</subfield>
    <subfield code="t">Liberaci&#xF3;n de Manolo Tav&#xE1;rez Justo y continuidad de la lucha patri&#xF3;tica.</subfield>
  </datafield>
  <datafield tag="590" ind1=" " ind2=" ">
    <subfield code="a">Inventariado, 2024 / MF</subfield>
  </datafield>
  <datafield tag="600" ind1="1" ind2="4">
    <subfield code="a">Tav&#xE1;rez Justo, Manolo,</subfield>
    <subfield code="9">35025</subfield>
    <subfield code="d">1931-1963</subfield>
  </datafield>
  <datafield tag="650" ind1=" " ind2="4">
    <subfield code="9">1376</subfield>
    <subfield code="a">Movimientos Revolucionarios</subfield>
    <subfield code="x">14 de junio</subfield>
    <subfield code="z">Rep&#xFA;blica Dominicana</subfield>
  </datafield>
  <datafield tag="650" ind1=" " ind2="4">
    <subfield code="9">79488</subfield>
    <subfield code="a">Relatos</subfield>
    <subfield code="v">Hermanas Mirabal</subfield>
    <subfield code="y">1961 - 1963</subfield>
    <subfield code="z">Rep&#xFA;blica Dominicana</subfield>
  </datafield>
  <datafield tag="651" ind1=" " ind2="4">
    <subfield code="9">83082</subfield>
    <subfield code="a">Rep&#xFA;blica Dominicana</subfield>
    <subfield code="v">Biograf&#xED;as</subfield>
    <subfield code="x">Historia </subfield>
    <subfield code="y"> 1931-1963</subfield>
  </datafield>
  <datafield tag="700" ind1="1" ind2=" ">
    <subfield code="9">24605</subfield>
    <subfield code="a">P&#xE9;rez Valerio, Carmen,</subfield>
    <subfield code="e">editor</subfield>
    <subfield code="4">ed.</subfield>
  </datafield>
  <datafield tag="700" ind1="1" ind2=" ">
    <subfield code="a">Fern&#xE1;ndez Pimentel, Enilda Milagros,</subfield>
    <subfield code="e">fot&#xF3;grafo</subfield>
    <subfield code="9">83084</subfield>
    <subfield code="4">fot.</subfield>
  </datafield>
  <datafield tag="942" ind1=" " ind2=" ">
    <subfield code="2">ddc</subfield>
    <subfield code="c">LBS1</subfield>
  </datafield>
  <datafield tag="952" ind1=" " ind2=" ">
    <subfield code="0">0</subfield>
    <subfield code="1">0</subfield>
    <subfield code="2">ddc</subfield>
    <subfield code="5">1</subfield>
    <subfield code="7">0</subfield>
    <subfield code="8">PD</subfield>
    <subfield code="a">BNPHU</subfield>
    <subfield code="b">BNPHU</subfield>
    <subfield code="c">CT</subfield>
    <subfield code="d">2018-08-30</subfield>
    <subfield code="o">BNPHU PD F363j</subfield>
    <subfield code="p">47854-10</subfield>
    <subfield code="r">2020-06-25</subfield>
    <subfield code="w">2020-06-25</subfield>
    <subfield code="y">LBS1</subfield>
  </datafield>
  <datafield tag="952" ind1=" " ind2=" ">
    <subfield code="0">0</subfield>
    <subfield code="1">0</subfield>
    <subfield code="2">ddc</subfield>
    <subfield code="5">1</subfield>
    <subfield code="7">0</subfield>
    <subfield code="8">PD</subfield>
    <subfield code="a">BNPHU</subfield>
    <subfield code="b">BNPHU</subfield>
    <subfield code="c">CT</subfield>
    <subfield code="d">2022-03-21</subfield>
    <subfield code="e">Doando por el Mov. Convergencia CDP</subfield>
    <subfield code="l">0</subfield>
    <subfield code="o">BNPHU PD F363j</subfield>
    <subfield code="p">2023-0736</subfield>
    <subfield code="r">2023-02-07</subfield>
    <subfield code="t">e.2</subfield>
    <subfield code="w">2023-02-07</subfield>
    <subfield code="y">LBS1</subfield>
  </datafield>
  <datafield tag="952" ind1=" " ind2=" ">
    <subfield code="0">0</subfield>
    <subfield code="1">0</subfield>
    <subfield code="2">ddc</subfield>
    <subfield code="5">6</subfield>
    <subfield code="7">0</subfield>
    <subfield code="8">DS</subfield>
    <subfield code="a">BNPHU</subfield>
    <subfield code="b">BNPHU</subfield>
    <subfield code="c">CT</subfield>
    <subfield code="d">2023-04-08</subfield>
    <subfield code="e">Donado por la Presidencia de la Rep&#xFA;blica Dominicana 2023.</subfield>
    <subfield code="l">0</subfield>
    <subfield code="o">BNPHU DS F363j</subfield>
    <subfield code="p">2024-1913</subfield>
    <subfield code="r">2024-04-08</subfield>
    <subfield code="t">e.3</subfield>
    <subfield code="w">2024-04-08</subfield>
    <subfield code="y">LBS1</subfield>
    <subfield code="z">Perteneci&#xF3; a la biblioteca personal de Emilio Cordero Michel.</subfield>
  </datafield>
  <datafield tag="999" ind1=" " ind2=" ">
    <subfield code="c">47342</subfield>
    <subfield code="d">47342</subfield>
  </datafield>
</record>
